Pourquoi le politique ? (notice n° 1648658)

détails MARC
000 -LEADER
fixed length control field 01330cam a2200157 4500500
005 - DATE AND TIME OF LATEST TRANSACTION
control field 20260208003724.0
041 ## - LANGUAGE CODE
Language code of text/sound track or separate title fre
042 ## - AUTHENTICATION CODE
Authentication code dc
100 10 - MAIN ENTRY--PERSONAL NAME
Personal name Dixsaut, Monique
Relator term author
245 00 - TITLE STATEMENT
Title Pourquoi le politique ?
260 ## - PUBLICATION, DISTRIBUTION, ETC.
Date of publication, distribution, etc. 2005.<br/>
500 ## - GENERAL NOTE
General note 20
520 ## - SUMMARY, ETC.
Summary, etc. Plato’s Statesman is usually read as a tedious and carelessly written exercise in dialectic, or, more charitably, as a patchwork of loosely connected applications of different methods of definition of statesmanship (division, myth and paradigm). In this paper, I argue that this much disputed problem of the unity of the dialogue can be solved, provided one reads the whole dialogue as what it claims to be, i.e. the developpment of a single diaíresis. It can be shown that the Eleatic Visitor makes use of the myth, of the analysis of paradigms and of the treatment of non-ideal constitutions as means to following a single path, throughout the whole dialogue, that leads to the definition of statesmanship as it should be. The Statesman emerges as Plato’s most profound reflection on the possibilities and the limits of the diairetic method.
786 0# - DATA SOURCE ENTRY
Note Les Études philosophiques | 74 | 3 | 2005-09-01 | p. 289-294 | 0014-2166
856 41 - ELECTRONIC LOCATION AND ACCESS
Uniform Resource Identifier <a href="https://shs.cairn.info/revue-les-etudes-philosophiques-2005-3-page-289?lang=fr&redirect-ssocas=7080">https://shs.cairn.info/revue-les-etudes-philosophiques-2005-3-page-289?lang=fr&redirect-ssocas=7080</a>

Pas d'exemplaire disponible.

PLUDOC

PLUDOC est la plateforme unique et centralisée de gestion des bibliothèques physiques et numériques de Guinée administré par le CEDUST. Elle est la plus grande base de données de ressources documentaires pour les Étudiants, Enseignants chercheurs et Chercheurs de Guinée.

Adresse

627 919 101/664 919 101

25 boulevard du commerce
Kaloum, Conakry, Guinée

Réseaux sociaux

Powered by Netsen Group @ 2025